The Office US Pixel Quiz - Statistics

General Stats
  • This quiz has been taken 355 times
  • The average score is 10 of 17
Answer Stats
Picture Answer % Correct
Michael Scott
81%
Stanley Hudson
79%
Pam Beesley
78%
Dwight Kurt Schrute
77%
Jim Halpert
70%
Angela Martin
66%
Phyllis Lapin
63%
Kelly Kapoor
61%
Oscar Martinez
55%
Kevin Malone
52%
Creed Bratton
46%
Erin Hannon
46%
Ryan Howard
44%
Toby Flenderson
43%
Andy Bernard
41%
Meredith Palmer
33%
Darryl Philbin
19%
No matching quizzes found
Score Distribution
Percent of People with Each Score
Percentile by Number Answered
Your Score History
You have not taken this quiz